|
|
|
|
| LEADER |
00000nab a2200000 a 4500 |
| 001 |
vtls000351168 |
| 003 |
SK-MaSNL |
| 005 |
20260304143840.0 |
| 008 |
111202c1989 xo 0 slo |
| 015 |
|
|
|a SNBRA19rr/mm-uuuuu
|
| 035 |
|
|
|a CL0351290
|
| 040 |
|
|
|a SNKBUCL
|b slo
|c SNKBUCL
|e AACR2
|
| 041 |
0 |
|
|a slo
|
| 044 |
|
|
|a xo
|c SK
|
| 080 |
|
|
|a 026:63(437.6)
|2 1981
|
| 080 |
|
|
|a 63(437.6)
|2 1981
|
| 080 |
|
|
|a 024
|2 1981
|
| 080 |
|
|
|a 681.3.06
|2 1981
|
| 100 |
1 |
|
|a Guľa, Ján,
|d 1943-
|4 aut
|9 37836
|
| 245 |
1 |
0 |
|a Prepracovanie podsystému knižničných služieb programového systému ARVYK do univerzálnej úrovne
|c Ján Guľa
|
| 300 |
|
|
|b Res. rus., angl.
|
| 610 |
2 |
7 |
|a Vysoká škola poľnohospodárska v Nitre.
|b Ústredná pôdohospodárska knižnica
|2 snkbucl
|9 188654
|
| 650 |
0 |
7 |
|a knižničné služby
|2 snkbucl
|9 64475
|
| 650 |
0 |
7 |
|a ARVYK (systém programový)
|2 snkbucl
|9 1465033
|
| 651 |
|
7 |
|a 5206
|2 snkbucl
|9 283253
|
| 655 |
|
7 |
|a články zo zborníkov
|2 snkbucl
|9 166140
|
| 655 |
|
7 |
|a články z odboru knihovníctvo
|2 snkbucl
|9 166141
|
| 773 |
0 |
|
|t INFOS 89
|d Bratislava : ZSKI, 1989
|g S. 131-138
|
| 850 |
|
|
|a Slovenská národná knižnica v Martine
|a MTA001
|
| 852 |
|
|
|a SNK
|b KIS3GCP
|
| 958 |
|
|
|a RK
|
| 958 |
|
|
|a KL
|
| 992 |
|
|
|a RZB
|
| 999 |
|
|
|c 2927921
|d 2929851
|